| 000 | 00493nam a22001817a 4500 | ||
|---|---|---|---|
| 003 | UA-OsUOA | ||
| 001 | 12605 | ||
| 007 | ta | ||
| 008 | 20050516b un ||||| |||| 00| 0 ukr d | ||
| 100 | _aКосовский В. | ||
| 942 | _cSA | ||
| 040 |
_aUA-OsUOA _cUA-OsUOA _dUA-OsUOA |
||
| 245 | _aАпокалипсис . Итория и современность | ||
| 300 | _aС.36-40 | ||
| 955 | _a0 | ||
| 773 | 0 |
_w0 _tПерсонал _dКиїв _d2005 _g№4 |
|
| 650 | 7 |
_aАпокалипсис _2UDC |
|
| 999 |
_c298766 _d298766 |
||